Web a databáze

Guardado en:
Detalles Bibliográficos
Autor principal: Lacko, Ľuboslav (Autor)
Formato: Libro
Lenguaje:checo
Publicado: Brno : Computer Press, 2001
Edición:1.vyd.
Etiquetas: Agregar Etiqueta
Sin Etiquetas, Sea el primero en etiquetar este registro!

MARC

LEADER 00000nam a22000003a 4500
001 stu197319
005 20150617230035.4
008 091215s2001----xr------------------cze-d
020 |a 80-7226-555-5 
040 |a STU  |b slo 
041 0 |a cze 
044 |a xr 
080 |a 004.42 
080 |a 519.68 
100 1 |a Lacko, Ľuboslav  |4 aut 
245 1 |a Web a databáze 
250 |a 1.vyd. 
260 |a Brno :  |b Computer Press,  |c 2001 
300 |a 250 s 
996 |c V*50707/O-22677  |l VV3  |s P  |a 0  |w stu197319_0001